Trasferimenti più costosi - Paesi Bassi - Statistics

Statistiche generali
  • Questo quiz è stato fatto 102 volte
    30 dall'ultimo reset
  • Il punteggio medio è 14 su 16
Statistiche sulle risposte
Costo (M €) Da A Anno Giacatore % Corretto
86 Ajax Barcellona 2019 Frankie de Jong
100%
85,50 Ajax Juventus 2019 Matthijs de Ligt
100%
67 Juventus Bayern Monaco 2022 Matthijs de Ligt
100%
45 Bayern Monaco Manchester United 2024 Matthijs de Ligt
100%
40 Wolfsburg Tottenham 2023 Micky van de Ven
100%
58,.40 Atalanta Juventus 2024 Teun Koopmeiners
100%
84,65 Southampton Liverpool 2018 Virgil van Dijk
100%
55,00 Milan Manchester City 2025 Tijjani Reijnders
97%
42,50 Bologna Manchester United 2024 Joshua Zirkzee
90%
50 Paris Saint-Germain RB Lipsia 2024 Xavi Simons
90%
45,30 Bournemouth Manchester City 2020 Nathan Akè
79%
42 PSV Liverpool 2023 Cody Gakpo
76%
40 Bayer Leverkusen Liverpool 2025 Jeremie Frimpong
69%
40 Bayern Monaco Liverpool 2023 Ryan Gravenberch
69%
40 Ajax Arsenal 2023 Jurrien Timber
55%
44,50 Chelsea Aston Villa 2024 Ian Maatsen
34%
Nessun quiz corrispondente trovato
Distribuzione punteggi
Percentuale di utenti per punteggio
Percentile per numero di risposta
I tuoi punteggi nel tempo
Non hai fatto questo quiz dall'ultimo reset